000 00835cam a2200289 4500
999 _c1114
_d1114
001 3178705
003 GZU
005 20200924104154.0
008 700202s1968 tz 000 0 eng
010 _a 76009146
020 _a019501474X
040 _aDLC
_cDLC
_dDLC
041 1 _aeng
_hswa
043 _af-tz---
050 0 0 _aHX457.T3
_bNYE 1968
100 1 _aNyerere, Julius K.,
_d1922-1999.
_eauthor
240 1 0 _aUjamaa.
_lEnglish
245 1 0 _aUjamaa--essays on socialism /
_c[by] Julius K. Nyerere.
260 _aDar es Salaam,
_bOxford University Press,
_c1968.
300 _aviii, 186 p.
_c18 cm.
350 _a5.50
650 0 _aSocialism.
650 0 _aSocialism
_zTanzania.
650 0 _aCollective settlements
_zTanzania.
906 _a7
_bcbc
_corignew
_du
_encip
_f19
_gy-gencatlg
942 _2lcc
_cBK
_h457.T3
_iNYE
_kHX